| 000 | 00372nam a22001577a 4500 | ||
|---|---|---|---|
| 003 | SGT | ||
| 020 | _a9789390727353 | ||
| 082 | _a511.1,ROS | ||
| 100 | _aROSEN KENNETH.H | ||
| 245 | _aDISCRETE MATHAMETICS AND ITS APPLICATIONS. | ||
| 250 | _a8TH | ||
| 260 |
_aCHENNAI _bMC GRAW HILL EDUCATION _c2024 |
||
| 300 | _a1068 | ||
| 650 | _aMathematics | ||
| 942 |
_2ddc _cBK _026 |
||
| 999 |
_c25819 _d25819 |
||